000 00468ntaaa2200181 4500
003 01
005 20251027202854.0
008 0714s1973 ag 01
040 _aAR-BaBN
_bspa
_cAR-BaBN
_eaacr
_dRIC
082 _a269.1000 OL8
100 _aOlson, Natanael
_929249
245 _aComo ganar a tu familia para Cristo
250 _a1 ed.
260 _aEl Paso :
_bCasa Bautista de Publicaciones,
_c1964
300 _a81 p
650 _aevangelismo personal
942 _cBK
999 _c24090
_d24090